[Event "17th Asian Continental-ch Open 2018"]
[Site "Makati City"]
[Date "2018.12.11"]
[Round "2.32"]
[White "Concio, Michael Jr."]
[Black "Miciano, John Marvin"]
[Result "1-0"]
[WhiteElo "2034"]
[BlackElo "2354"]
[PlyCount "95"]
[EventDate "2018.12.07"]
[EventType "swiss"]
[EventRounds "9"]
[EventCountry "PHI"]
[TimeControl "40/5400+30:1800+30"]

1. d4 g6 2. c4 Bg7 3. Nc3 d6 4. e4 Nc6 5. Be3 Nf6 6. f3 O-O 7. Qd2 a6 8. O-O-O Bd7 9. e5 Ne8 10. f4 b5 11. c5 dxc5 12. dxc5 Be6 13. Bd3 f5 14. Nf3 Nb4 15. Bb1 Qxd2+ 16. Rxd2 c6 17. Ng5 Bc8 18. a3 h6 19. Nf3 Nd5 20. Nxd5 cxd5 21. Rxd5 Nc7 22. Rd2 Be6 23. Rhd1 Rfc8 24. Nh4 Bf7 25. g4 e6 26. gxf5 exf5 27. Rd7 Ne6 28. Ba2 Bf8 29. b4 a5 30. Bd5 axb4 31. Bxa8 Rxa8 32. axb4 Ra4 33. Bd2 g5 34. fxg5 hxg5 35. Nxf5 Bg6 36. Ne3 Bg7 37. Bc3 Ra2 38. R1d2 Ra3 39. Kb2 Ra8 40. Ng4 Bf7 41. c6 Bf8 42. R2d6 Bxd6 43. Nh6+ Kg7 44. Rxf7+ Kxh6 45. exd6 Nf4 46. c7 Nd5 47. Bg7+ Kg6 48. Rf8 1-0

[Event "17th Asian Continental-ch Open 2018"]
[Site "Makati City"]
[Date "2018.12.12"]
[Round "3"]
[White "Adhiban, Baskaran"]
[Black "Kunte, Abhijit"]
[Result "1/2-1/2"]
[WhiteElo "2695"]
[BlackElo "2469"]
[Annotator "TA"]
[PlyCount "33"]
[EventDate "2018.12.07"]
[EventType "swiss"]
[EventRounds "9"]
[EventCountry "PHI"]
[SourceTitle "playchess.com"]
[Source "ChessBase"]
[SourceQuality "1"]

{[%evp 19,33,0,13,-4,25,6,11,0,31,19,25,29,36,4,4,5]} 1. d4 Nf6 2. c4 e6 3. Nc3 Bb4 4. f3 d5 5. a3 Bxc3+ 6. bxc3 c5 7. cxd5 Nxd5 8. dxc5 f5 9. Nh3 O-O 10. Nf4 {E25: Nimzo-Indian: Sämisch: 5...c5 6 f3 d5 7 cxd5} Nxc3 {LiveBook: 7 Games} 11. Qd2 Nd5 12. Nxd5 $146 {White has an edge.} ({Predecessor:} 12. e3 Nc6 13. Bc4 Nxf4 14. exf4 Qe7 15. Qe3 Rd8 16. Bb2 Qh4+ 17. g3 Qh3 {1-0 (39) Volkov,S (2614)-Naumkin,I (2473) Livigno 2011}) 12... exd5 13. Bb2 Nc6 14. e3 Be6 15. Bb5 Na5 16. Rb1 Nc4 17. Bxc4 1/2-1/2

[Event "17th Asian Continental-ch Open 2018"]
[Site "Makati City"]
[Date "2018.12.12"]
[Round "3"]
[White "Ni, Hua"]
[Black "Lu, Shanglei"]
[Result "1/2-1/2"]
[WhiteElo "2683"]
[BlackElo "2636"]
[Annotator "TA"]
[PlyCount "143"]
[EventDate "2018.12.07"]
[EventType "swiss"]
[EventRounds "9"]
[EventCountry "PHI"]
[SourceTitle "playchess.com"]
[Source "ChessBase"]
[SourceQuality "1"]

{[%evp 29,143,14,16,11,17,18,20,21,25,23,70,52,52,55,73,78,97,104,110,98,102,104,110,97,93,40,40,40,40,42,41,40,38,38,35,35,29,25,40,33,39,22,70,69,71,70,66,46,43,0,0,0,0,0,0,0,0,0,0,0,0,0,0,0,0,0,0,0,0,0,0,0,0,0,0,0,0,0,0,0,0,0,0,0,0,0,0,0,0,0,0,0,0,0,0,0,0,0,0,0,0,0,0,0,0,0,0,0,0,0,0,0,0,0,0,0]} 1. d4 Nf6 2. c4 e6 3. g3 d5 4. Bg2 dxc4 5. Nf3 c5 6. O-O Nc6 7. dxc5 Qxd1 8. Rxd1 Bxc5 9. Nbd2 c3 10. bxc3 O-O 11. Nb3 Be7 12. Nfd4 Bd7 13. Bg5 {E04: Open Catalan: 5 Nf3} Rfd8 14. Nxc6 Bxc6 15. Bxc6 bxc6 {[#] LiveBook: 3 Games} 16. Rxd8+ $146 ({Predecessor:} 16. Na5 Rac8 17. Rxd8+ Bxd8 18. Nb7 h6 19. Nd6 Rb8 20. Be3 Bb6 {½-½ (78) Giri,A (2785)-So,W (2815) chess.com INT 2017}) 16... Bxd8 17. Rd1 h6 18. Bxf6 Bxf6 $11 {[%mdl 4096] Endgame KRB-KRN} 19. Rd6 c5 20. c4 $1 Rb8 21. Rc6 Be7 22. Rc7 Bd6 23. Rxa7 Rb4 24. Ra8+ Kh7 25. Rd8 Be5 26. Nxc5 {Threatens to win with Nd3.} Rxc4 {[#] ...Rc1+ is the strong threat.} 27. Nb3 (27. Nd7 $16 Bd6 28. Nf8+ Bxf8 29. Rxf8) 27... Ra4 $14 28. Rd2 g5 29. Rc2 Bg7 30. Nd2 Kg6 31. Nc4 h5 32. Kg2 f5 33. h3 Bf6 34. e3 {[%cal Be2e3,Be3e4][%mdl 32]} g4 35. h4 Rb4 36. Kf1 e5 37. Ke2 Kf7 38. Kd3 Ke6 39. e4 f4 {The position is equal.} 40. Rb2 (40. Rd2 {looks sharper.} Rb1 41. Nd6 Rb8 42. Nf5 Rb4 43. Rc2) 40... Rxb2 41. Nxb2 $11 {KB-KN} Be7 42. Ke2 f3+ 43. Kf1 Bc5 44. Nc4 Bd4 45. a4 Kd7 46. Na3 Kc6 47. a5 Bc5 48. Nc4 Bd4 49. Na3 Bc5 50. Nc4 Bd4 51. a6 Kc7 $1 52. a7 Bxa7 {White must now prevent ...Bd4.} 53. Nxe5 Kd6 54. Nd3 $1 Bd4 55. Ke1 Bc3+ 56. Kf1 Bd2 57. Kg1 Ke6 58. Kh2 Kd6 59. Kg1 (59. Nf4 {keeps more tension.} Ke5 60. Nxh5 Be1 61. Kg1 Bc3 62. Nf4) 59... Ke6 60. Nf4+ Bxf4 61. gxf4 {KP-KP} Kf6 62. Kh2 Ke6 63. f5+ Kf6 64. Kh1 Ke5 65. Kg1 $1 Kf6 66. Kh2 Ke5 67. Kg3 Kf6 68. Kf4 Ke7 69. e5 Kf7 70. Ke4 Ke7 71. Kf4 Kf7 72. Ke4 {Accuracy: White = 74%, Black = 86%.} 1/2-1/2

[Event "17th Asian Continental-ch Open 2018"]
[Site "Makati City"]
[Date "2018.12.12"]
[Round "3"]
[White "Nguyen, Ngoc Truong Son"]
[Black "Firouzja, Alireza"]
[Result "1/2-1/2"]
[WhiteElo "2641"]
[BlackElo "2607"]
[Annotator "TA"]
[PlyCount "47"]
[EventDate "2018.12.07"]
[EventType "swiss"]
[EventRounds "9"]
[EventCountry "PHI"]
[SourceTitle "playchess.com"]
[Source "ChessBase"]
[SourceQuality "1"]

{[%evp 13,47,25,19,0,0,0,-3,0,0,0,0,0,0,0,0,0,0,0,0,0,0,0,0,0,-2,-3,0,-30,0,0,0,0,0,0,0,-5]} 1. d4 Nf6 2. Nf3 g6 3. g3 Bg7 4. Bg2 O-O 5. O-O d6 6. c4 Ne4 {E60: King's Indian: Unusual lines and Fianchetto Variation without Nc3} 7. Qc2 f5 {LiveBook: 12 Games} 8. Nc3 Nxc3 9. bxc3 e5 10. e4 $146 ({Predecessor:} 10. Ba3 e4 11. Nd2 Nd7 12. c5 dxc5 13. Rad1 Re8 {0-1 (32) Bologan,V (2640)-Anton Guijarro,D (2679) Poikovsky 2017}) 10... Nc6 {[%cal Re5d4]} 11. exf5 Bxf5 12. Qb3 Na5 13. Qa4 b6 14. dxe5 Be4 15. Nd4 Bxg2 16. Kxg2 Qe8 ({Much worse is} 16... dxe5 $6 17. Ne6 $16) 17. Qxe8 Raxe8 18. exd6 cxd6 19. Bf4 Nxc4 20. Nb5 Re2 21. Nxa7 {The position is equal.} Be5 22. Bh6 Bg7 23. Bf4 Be5 24. Bh6 {Accuracy: White = 76%, Black = 88%.} 1/2-1/2

[Event "17th Asian Continental-ch Open 2018"]
[Site "Makati City"]
[Date "2018.12.12"]
[Round "3"]
[White "Ganguly, Surya Shekhar"]
[Black "Wei, Yi"]
[Result "1/2-1/2"]
[WhiteElo "2621"]
[BlackElo "2728"]
[Annotator "TA"]
[PlyCount "28"]
[EventDate "2018.12.07"]
[EventType "swiss"]
[EventRounds "9"]
[EventCountry "PHI"]
[SourceTitle "playchess.com"]
[Source "ChessBase"]
[SourceQuality "1"]

{[%evp 9,28,4,19,0,2,0,7,7,0,0,12,0,0,14,27,0,0,0,0,-11,0]} 1. e4 e5 2. Nf3 Nf6 3. d4 Nxe4 4. dxe5 d5 5. Nbd2 Qd7 {LiveBook: 4 Games} (5... Nc5 6. Be2 Be7 7. O-O O-O 8. Re1 Nc6 9. Nb3 Re8 10. Bb5 Bg4 11. h3 Bh5 12. Nxc5 Bxc5 13. g4 Bg6 14. Bg5 Be7 15. Bf4 a6 16. Bd3 Qd7 {½-½ (16) Matlakov,M (2704)-Li,C (2724) Qinhuangdao 2018}) 6. Nb3 {C43: Petroff Defence: 3 d4} Be7 7. Bd3 c5 $146 {[#] Hoping for ...c4.} ({Predecessor:} 7... O-O 8. O-O b6 9. Qe2 Bb7 10. c4 Rd8 11. cxd5 Qxd5 12. Bc4 Qc6 13. Bf4 {1-0 (66) Degraeve,R (2322)-Gatineau,Y (2368) Riga 2018}) 8. c4 dxc4 $1 9. Bxe4 {Black must now prevent Qxd7+.} Qxd1+ 10. Kxd1 {Na5 is the strong threat.} cxb3 11. axb3 Nc6 12. Bxc6+ bxc6 {The position is equal.} 13. Be3 Be6 14. Ke2 O-O 1/2-1/2

[Event "17th Asian Continental-ch Open 2018"]
[Site "Makati City"]
[Date "2018.12.12"]
[Round "3"]
[White "Abdusattorov, Nodirbek"]
[Black "Sethuraman, S.P."]
[Result "1/2-1/2"]
[WhiteElo "2546"]
[BlackElo "2664"]
[Annotator "TA"]
[PlyCount "83"]
[EventDate "2018.12.07"]
[EventType "swiss"]
[EventRounds "9"]
[EventCountry "PHI"]
[SourceTitle "playchess.com"]
[Source "ChessBase"]
[SourceQuality "1"]

{[%evp 14,83,2,-10,28,14,14,11,33,-7,11,13,16,9,20,12,28,28,28,17,33,19,49,39,48,0,0,0,8,0,0,0,0,0,0,0,0,-23,-19,-37,-1,-52,-60,-63,-36,-34,-26,-141,0,0,0,0,0,0,0,0,0,0,0,0,0,0,0,0,0,-6,0,0,0,0,0,0]} 1. d4 Nf6 2. Bg5 d5 3. e3 c6 4. Bd3 Bg4 5. f3 Bh5 6. Ne2 {D00: 1 d4 d5: Unusual lines} Nbd7 7. O-O Bg6 8. c4 {LiveBook: 4 Games} e6 9. Nbc3 Be7 10. c5 $146 ({Predecessor:} 10. cxd5 cxd5 11. Rc1 O-O 12. Nf4 {1-0 (55) Iotov,V (2603)-Gopal,G (2575) Enschede 2009}) 10... e5 11. Ng3 Nh5 12. Bxe7 Qxe7 13. Nf5 Bxf5 $1 14. Bxf5 Nhf6 15. Re1 O-O 16. b4 Rfe8 17. e4 exd4 18. Qxd4 {[%cal Re4d5]} Qe5 19. Qd2 {And now Bxd7 would win.} dxe4 $1 20. Bxe4 Qc7 21. Rad1 a5 22. a3 axb4 23. axb4 Nf8 24. Qd6 Qxd6 25. Rxd6 Ne6 26. Rc1 Ra3 27. Bf5 (27. Bd3 $11) 27... Nf4 $15 {aiming for ...Rxc3!} 28. Kf2 Rb3 29. Rd4 g5 30. Rc2 (30. g3 $11 Ne6 31. Rc4) 30... N4d5 (30... Re5 $17 31. Bc8 Rxb4 $1 {[%mdl 576] Decoy} 32. Rxb4 Nd3+ {[%mdl 64] Double Attack} 33. Kg3 Nxb4) 31. Nxd5 $11 {The position is equal.} Nxd5 {[#]} 32. b5 $1 {[%mdl 512]} Re5 ({But not} 32... Rxb5 $2 33. Rxd5 $1 {[%mdl 512]} cxd5 34. Bd7 $18) 33. bxc6 bxc6 ({Wrong is} 33... Rxf5 $2 {[#]} 34. Rxd5 $1 {[%mdl 512]} Rf6 35. c7 $18) 34. Be4 Nc3 35. Rd6 Rxc5 36. Rxc6 Nxe4+ 37. fxe4 Rxc2+ (37... Rcb5 {looks sharper.} 38. h4 gxh4 39. Rh6 h3 40. Rxh3 Rxh3 41. gxh3 Rb3) 38. Rxc2 {KR-KR} Kg7 39. Rc6 f6 40. Rc5 Kg6 41. e5 fxe5 42. Rxe5 {Accuracy: White = 56%, Black = 56%.} 1/2-1/2

[Event "17th Asian Continental-ch Open 2018"]
[Site "Makati City"]
[Date "2018.12.12"]
[Round "3"]
[White "Lye, Lik Zang"]
[Black "Vidit, Santosh Gujrathi"]
[Result "1/2-1/2"]
[WhiteElo "2321"]
[BlackElo "2701"]
[Annotator "TA"]
[PlyCount "65"]
[EventDate "2018.12.07"]
[EventType "swiss"]
[EventRounds "9"]
[EventCountry "PHI"]
[SourceTitle "playchess.com"]
[Source "ChessBase"]
[SourceQuality "1"]

{[%evp 31,65,2,2,-11,-11,-10,-17,-14,-7,-11,0,-3,91,96,99,95,106,107,118,112,133,133,133,133,162,170,168,181,199,162,162,147,289,278,270,259]} 1. d4 Nf6 2. c4 e6 3. Nf3 d5 4. Nc3 Bb4 5. Bg5 Nbd7 6. e3 c5 7. cxd5 exd5 8. Bd3 {[%cal Bf1d3,Bd3f5,Bf5h3][%mdl 32]} Qa5 9. Qc2 O-O 10. O-O c4 11. Bf5 Re8 12. Nd2 g6 13. Bh3 Kg7 14. a3 {D38: Queen's Gambit Declined: Ragozin Defence (4 Nf3 Bb4)} (14. Rfb1 h6 15. Bh4 g5 16. Bxd7 Bxd7 17. Bg3 Kg8 18. a3 Bf8 19. b3 cxb3 20. Nxb3 Qd8 21. Be5 Rc8 {1-0 (40) Korobov,A (2652)-Mamedyarov,S (2799) Huaian 2017}) 14... Bxc3 15. bxc3 Ne4 16. Nxe4 dxe4 {LiveBook: 6 Games} 17. Bxd7 Bxd7 18. Bf4 Ba4 19. Qb2 Qd5 20. Qb4 $146 ({Predecessor:} 20. Rae1 Re6 21. f3 f6 {0-1 (68) Tan,Z (2461)-Kosintseva,N (2551) Ningbo 2010}) 20... b5 21. Qd6 Rad8 (21... Qxd6 $11 22. Bxd6 Rad8) 22. Be5+ $16 Rxe5 23. Qxe5+ Qxe5 24. dxe5 {[%mdl 4096] Endgame KRR-KRB} Rd5 25. Ra2 Bb3 26. Rb2 Rd3 27. Rc1 Kf8 {[#]} 28. Kf1 $1 Ke7 29. Ke2 Ke6 30. Rd2 Kxe5 31. Rxd3 exd3+ (31... cxd3+ $16 {was necessary.} 32. Kd2 a5) 32. Kd2 $18 a5 33. f3 {[%mdl 32768] Accuracy: White = 84%, Black = 53%. . An unexpected result.} 1/2-1/2

[Event "17th Asian Continental-ch Open 2018"]
[Site "Makati City"]
[Date "2018.12.12"]
[Round "3.7"]
[White "Nguyen, Anh Khoi"]
[Black "Maghsoodloo, Parham"]
[Result "0-1"]
[WhiteElo "2480"]
[BlackElo "2688"]
[Annotator "TA"]
[PlyCount "106"]
[EventDate "2018.12.07"]
[EventType "swiss"]
[EventRounds "9"]
[EventCountry "PHI"]

{[%evp 24,106,43,48,47,40,61,82,57,62,79,86,98,98,98,76,92,68,75,56,62,61,62,54,63,66,56,71,81,68,46,33,35,29,25,-1,0,-20,-20,-37,-20,-20,0,0,0,-15,-10,-8,0,-35,-12,-18,0,-13,-6,-13,0,-6,12,12,16,24,64,88,74,30,32,0,89,63,119,102,108,62,120,0,179,186,209,79,70,39,63,-89,12]} 1. d4 f5 2. Nf3 Nf6 3. g3 g6 4. Bg2 Bg7 5. O-O O-O 6. b3 d6 7. Bb2 c6 8. c4 Na6 9. Nbd2 Qe8 10. Qc2 h6 11. Bc3 {A87: Dutch Defence: Leningrad System: 5 Nf3} g5 12. e4 fxe4 13. Nxe4 {LiveBook: 3 Games. White is slightly better.} Qg6 14. Nxf6+ Qxf6 15. Rae1 Bf5 16. Qd2 Rf7 17. Re3 {Black must now prevent d5.} Qg6 18. Rfe1 Re8 19. d5 c5 20. a3 b6 $146 ({Predecessor:} 20... Bxc3 21. Qxc3 {1-0 (39) Dreev,A (2625)-Motwani,P (2425) Berlin 1991}) 21. b4 Bxc3 22. Qxc3 Qg7 23. Qb3 Bd7 24. Nd2 Rd8 25. Ne4 Nb8 26. bxc5 bxc5 27. Qc3 Bf5 28. Qxg7+ Kxg7 29. Nc3 Nd7 30. f4 gxf4 31. gxf4 Nb6 32. Bf1 Nc8 33. Ne2 Bd7 34. Ng3 Rg8 35. Rf3 Kf8 36. Bd3 h5 {[%cal Bh6h5,Bh5h4][%mdl 32]} 37. Kh1 Bh3 {[#] And now ...h4 would win.} 38. Bf1 Bg4 39. Rf2 h4 40. Ne4 Nb6 41. h3 Bd7 42. Kh2 Ba4 43. f5 Nd7 44. Nc3 Nb6 $1 45. Ne4 (45. Be2 $14) 45... Nd7 $1 $16 46. Rb1 Nb6 ({Black should try} 46... Rfg7 $14) 47. f6 Ke8 48. Re1 $36 {[%mdl 2048] Black is under pressure.} Kd8 {[#]} (48... Kd7 $1 $14) 49. Rb1 (49. Be2 $1 $16) 49... exf6 $2 (49... Kc7 $11 {and Black has nothing to worry.}) 50. Nxd6 $18 Re7 51. Nf5 (51. Rxf6 $18 {Threatens to win with Rb2.} Re3 52. Nb7+ Ke7 53. Rh6) 51... Re4 $16 52. Rc1 Bd7 53. Bd3 $2 (53. Nd6 $1 $14 {keeps the upper hand.} Re3 54. Rf4 (54. Rxf6 Kc7 $16)) 53... Re5 {[%mdl 32768] Accuracy: White = 60%, Black = 56%. . Loss on time!?} (53... Bxf5 $1 $17 54. Rxf5 Re3) 0-1

[Event "17th Asian Continental-ch Open 2018"]
[Site "Makati City"]
[Date "2018.12.12"]
[Round "3.8"]
[White "Wen, Yang"]
[Black "Tran, Tuan Minh"]
[Result "1/2-1/2"]
[WhiteElo "2604"]
[BlackElo "2524"]
[Annotator "TA"]
[PlyCount "86"]
[EventDate "2018.12.07"]
[EventType "swiss"]
[EventRounds "9"]
[EventCountry "PHI"]

{[%evp 18,86,0,-3,0,0,0,0,0,0,0,0,0,0,5,0,0,0,0,0,0,0,38,5,36,23,36,33,37,37,41,40,40,40,52,24,18,18,13,22,20,0,0,0,0,-16,-17,-23,-13,-13,-13,-28,-14,-20,-19,-55,-18,-28,-16,-190,-179,-177,0,0,0,0,0,0,0,0,0]} 1. e4 c5 2. Nf3 d6 3. d4 cxd4 4. Nxd4 Nf6 5. Nc3 a6 6. g3 e5 7. Nde2 Be7 8. Bg2 b5 9. a4 {B91: Sicilian Najdorf: 6 g3} (9. Nd5 Nbd7 10. Nec3 Nb6 11. Nxf6+ Bxf6 12. O-O O-O 13. b3 b4 14. Nd5 Nxd5 15. Qxd5 Be6 16. Qd3 Qc7 {0-1 (57) Giri,A (2782)-Vachier Lagrave,M (2789) Leuven 2018}) 9... b4 10. Nd5 {LiveBook: 8 Games} a5 $146 ({Predecessor:} 10... Nxd5 11. Qxd5 Ra7 12. Be3 Be6 13. Qd3 Rb7 14. O-O Qc8 15. b3 Rc7 16. Rfc1 Nd7 {½-½ (37) Kovalev,V (2639)-Zhigalko,A (2578) Minsk 2018}) 11. Nxe7 Qxe7 12. c4 O-O 13. O-O Na6 14. b3 Nc5 15. f3 Ne8 {[%cal Bf6e8,Be8c7,Bc7e6][%mdl 32]} 16. Be3 Bb7 17. Ra2 Nc7 18. Rd2 Rad8 19. Nc1 Bc6 20. h4 N7e6 21. Bh3 Bd7 22. Kh2 Nb7 23. Nd3 Bc8 24. Rff2 Rde8 25. Bb6 Kh8 26. Nc1 g6 27. Rfe2 f5 28. exf5 gxf5 29. f4 {[%mdl 64] Deflection} exf4 30. Bd4+ $1 Kg8 31. Rd3 Nbc5 32. gxf4 $1 Qxh4 33. Rg3+ $1 Kf7 {Strongly threatening ...Rg8.} 34. Bf2 $1 Qxf4 {...Rg8 is the strong threat.} 35. Be3 Qh4 {Threatens to win with ...Ne4.} 36. Qd5 $1 (36. Bxc5 $2 Nxc5 37. Rf3 (37. Qd5+ $2 Be6 $19) 37... Qf6 $19) 36... Ne4 37. Qxf5+ Nf6 $1 {aiming for ...Nd4.} ({Don't go for} 37... Ke7 $2 38. Rg7+ $1 {[%mdl 512]} Nxg7 39. Bg5+ Qxg5 40. Rxe4+ Ne6 41. Qxg5+ $18) 38. Qxa5 $2 (38. Qf2 $11 {and White stays safe.} Qh5 39. Qf3) 38... Rg8 $19 39. Rf3 {[#]} (39. Bf2 $2 Rxg3 40. Qa7+ Kg6 $19) 39... Rg6 $2 ({Black should try} 39... Bb7 $1 $19 {[%cal Rb7f3]} 40. Rxf6+ Kxf6 41. Qf5+ Kg7) 40. Bf2 $11 {The position is equal.} Qh6 $1 41. Be3 $1 {[%cal Re3h6]} (41. Qxb4 $2 Ng5 $19) (41. Qa7+ $2 Kg8 $19) 41... Qh4 42. Bf2 Qh6 43. Be3 $1 {[%cal Re3h6]} ({Don't blunder} 43. Qxb4 $2 Ng5 $19) ({But not} 43. Qa7+ $2 Kg8 $19) 43... Qh4 {Accuracy: White = 74%, Black = 73%.} 1/2-1/2

[Event "17th Asian Continental-ch Open 2018"]
[Site "Makati City"]
[Date "2018.12.12"]
[Round "3.9"]
[White "Khusnutdinov, Rustam"]
[Black "Jumabayev, Rinat"]
[Result "0-1"]
[WhiteElo "2470"]
[BlackElo "2602"]
[Annotator "TA"]
[PlyCount "118"]
[EventDate "2018.12.07"]
[EventType "swiss"]
[EventRounds "9"]
[EventCountry "PHI"]

{[%evp 23,118,17,18,15,27,-26,25,20,28,27,31,0,0,0,65,0,16,0,0,0,0,0,0,-5,0,0,0,-102,-104,-117,-127,-122,-66,-120,-117,-116,-116,-108,-116,-105,-88,-126,-129,-143,-125,-194,-186,-197,-197,-197,-197,-197,-197,-197,-197,-285,-285,-277,-277,-270,-263,-212,-197,-256,-197,-197,-197,-29940,-29943,-29947,-29946,-29950,-29951,-29950,-29955,-29957,-29960,-29961,-29962,-29970,-29962,-29963,-29964,-29972,-29973,-29974,-29975,-29975,-29976,-29976,-29977,-29977,-29978,-29977,-29979,-29977,-29978]} 1. e4 c5 2. Nf3 e6 3. d4 cxd4 4. Nxd4 Nc6 5. Nc3 Qc7 6. Be3 a6 7. a3 Nf6 8. f4 Nxd4 {B48: Sicilian: Taimanov: 5 Nc3 Qc7 6 Be3 a6 without Be2} (8... d6 9. Qf3 Nxd4 10. Bxd4 b5 11. Bd3 Bb7 12. Bxf6 gxf6 13. f5 Be7 14. O-O Qc5+ 15. Kh1 h5 16. fxe6 fxe6 17. a4 {1-0 (32) Grischuk,A (2783)-Cori Tello,J (2641) Tbilisi 2017}) 9. Qxd4 b5 10. Be2 Bb7 11. Bf3 h5 12. h3 h4 {LiveBook: 3 Games} 13. O-O Rc8 14. Rad1 (14. Qd3 $142) 14... Bc5 (14... Bxa3 $142 $1 15. Nxb5 axb5 16. bxa3 O-O) 15. Qxc5 $11 Qxc5 16. Bxc5 Rxc5 17. Rd6 $146 Nh5 18. e5 Bc8 (18... Bc6 $11) 19. Rd4 Ng3 20. Rf2 g5 21. Ne4 Nxe4 22. Rxe4 gxf4 23. Rfe2 f6 24. exf6 Rf5 25. c4 (25. Rd4 $11 {keeps the balance.}) 25... Bb7 $17 26. Rxe6+ dxe6 27. Bxb7 bxc4 ({Black should try} 27... Kd7 $17 28. Bxa6 bxc4 29. Bxc4 Rxf6 30. Rd2+ Kc7) 28. Bxa6 {[%mdl 4096] Endgame KRR-KRB} (28. Rxe6+ $15 Kf7 {[%mdl 64] Double Attack} 29. Rxa6) 28... c3 29. Rxe6+ Kd7 $1 {[%cal Rd7e6]} ({Of course not} 29... Kf7 $6 30. Bc4 $11) 30. Re7+ {[#]} Kd6 $1 31. bxc3 f3 32. gxf3 Rxf3 33. Rg7 Rxf6 (33... Rxh3 $6 34. f7 $11) 34. Bb7 (34. a4 $17) 34... Rhh6 $19 {[%mdl 1024] Black has strong compensation.} 35. Bg2 Rhg6 36. Rh7 {[#]} Rf4 $1 37. Rh5 Rg3 38. Rd5+ Ke6 {aiming for ...Rxg2+!} 39. Rc5 (39. Rb5 $142) 39... Rf8 40. Rc6+ Kd7 {Hoping for ...Rxg2+.} 41. Rb6 Rfg8 ({But not} 41... Rxc3 42. Rb4 $17) 42. Rb2 Rxc3 43. Ra2 (43. Kh2 $142) 43... Rgg3 44. a4 Ra3 45. Rxa3 $2 (45. Rb2 $19) 45... Rxa3 {KR-KB. Black mates.} 46. Kf2 Kd6 47. Bf3 Ke5 48. Bg4 Rxa4 49. Ke3 Ra3+ 50. Kd2 Kf4 51. Bd7 Ra6 52. Bg4 Ra2+ 53. Kd3 Rg2 54. Bc8 Rg8 55. Be6 Rd8+ 56. Kc2 Rd6 57. Bg4 Rg6 58. Bd7 Rg7 59. Be6 Ke5 {Accuracy: White = 36%, Black = 80%.} 0-1

[Event "17th Asian Continental-ch Open 2018"]
[Site "Makati City"]
[Date "2018.12.12"]
[Round "3.10"]
[White "Lalith Babu M R"]
[Black "Yakubboev, Nodirbek"]
[Result "1-0"]
[WhiteElo "2529"]
[BlackElo "2556"]
[Annotator "TA"]
[PlyCount "65"]
[EventDate "2018.12.07"]
[EventType "swiss"]
[EventRounds "9"]
[EventCountry "PHI"]

{[%evp 21,65,27,65,58,93,95,94,89,85,79,100,117,117,115,104,103,112,104,104,108,99,102,143,123,191,168,308,315,308,308,309,296,358,374,358,341,372,368,378,367,377,360,601,599,954,941]} 1. Nf3 f5 2. d4 Nf6 3. g3 g6 4. Bg2 Bg7 5. O-O O-O 6. c4 d6 7. Nc3 Qe8 8. d5 Na6 {[%cal Bb8a6,Ba6c5,Bc5e4,Be4c3][%mdl 32]} 9. Rb1 e5 {A87: Dutch Defence: Leningrad System: 5 Nf3} (9... c6 10. dxc6 bxc6 11. b4 Rb8 12. a3 Bb7 13. Be3 Ng4 14. Bd4 e5 15. Bxa7 Ra8 16. Bb6 e4 17. Nd4 Ne5 18. Qb3 Qf7 19. c5 {1-0 (38) Pelletier,Y (2541)-Nepomniachtchi,I (2751) Zuerich 2017}) 10. dxe6 Bxe6 11. Nd4 c6 {LiveBook: 8 Games. White has an edge.} 12. b4 Rc8 13. b5 Nc5 14. bxc6 bxc6 15. Bf4 Bxc4 {Threatens to win with ...Nfe4.} 16. Bxd6 {[%mdl 64] Double Attack} Nfe4 17. Nxe4 Nxe4 18. Bxf8 Nc3 $146 {Hoping for ...Bxd4.} 19. Qc2 $1 {[%cal Rc2c3]} Bxd4 {[#]} 20. e3 $1 {[%cal Re3d4]} Bxf1 21. Rxf1 c5 {[#]} 22. Bd6 $1 ({Stronger than} 22. exd4 cxd4 23. Qb3+ Kxf8 $15) 22... Bf6 (22... Qe6 $16) 23. Bb7 $18 Rc6 (23... Rd8 $142 24. Bc7 (24. Bxc5 Qb5 $16) 24... c4) 24. Bxc6 Qxc6 25. Be7 ({Not} 25. Qb3+ Kg7 $17) 25... Bg7 26. Bd8 h5 27. Ba5 Ne4 {intending ...Ng5.} 28. f3 Ng5 29. Kg2 c4 30. Bc3 Bf8 31. Qd2 Kf7 $2 (31... Ne6 32. Rd1 a6) 32. Qd4 a6 33. h4 {Accuracy: White = 100%, Black = 24%.} 1-0